[Event "10e Open de Saint-Chély d'Aubrac"]
[Site "Saint-Chély d'Aubrac"]
[Date "2010.07.12"]
[Round "4.26"]
[White "Guerry, Emilien"]
[Black "Colombo, Maceo"]
[Result "1/2-1/2"]
[WhiteElo "1650"]
[BlackElo "1199"]
[PlyCount "37"]
[EventDate "2010.??.??"]

1. e4 e5 2. Nf3 Nc6 3. Bb5 Bc5 4. O-O d6 5. b3 Bd7 6. c3 a6 7. Ba4 Nf6 8. d4
Bb6 9. Bg5 h6 10. Bh4 O-O 11. dxe5 dxe5 12. Bxf6 gxf6 13. Nh4 f5 14. exf5 Qxh4
15. Qxd7 Qe4 16. Qd2 Rad8 17. Qxh6 f6 18. Qg6+ Kh8 19. Qh6+ 1/2-1/2

[Event "10e Open de Saint-Chély d'Aubrac"]
[Site "Saint-Chély d'Aubrac"]
[Date "2010.07.12"]
[Round "4.27"]
[White "Rota Graziosi, Annael"]
[Black "Manser, Lucas"]
[Result "0-1"]
[WhiteElo "1150"]
[BlackElo "1642"]
[PlyCount "88"]
[EventDate "2010.??.??"]

1. e4 c6 2. Nf3 d5 3. Nc3 dxe4 4. Nxe4 Nd7 5. Bc4 Ngf6 6. O-O Nxe4 7. d3 Nef6
8. Ng5 e6 9. Qe1 Nb6 10. Bxe6 Bxe6 11. Nxe6 fxe6 12. Qxe6+ Qe7 13. Qh3 Qd7 14.
Re1+ Be7 15. Qg3 Rg8 16. Qe3 Nbd5 17. Qd2 O-O-O 18. Qd1 Rde8 19. c4 Nc7 20. Bf4
Bd6 21. Be3 c5 22. d4 cxd4 23. Bxd4 Rxe1+ 24. Qxe1 Bxh2+ 25. Kxh2 Qxd4 26. Rd1
Qe4 27. Qa5 Ng4+ 28. Kg1 Re8 29. Qd2 Qe7 30. f3 Qe3+ 31. Kf1 Qxd2 32. Rxd2 Ne3+
33. Kf2 Nxc4 34. b3 Nxd2 35. a4 Nxb3 36. Kg1 Kd7 37. Kh2 Ke6 38. g3 Kf5 39. g4+
Kf4 40. Kg2 Re2+ 41. Kh3 Kxf3 42. Kh4 Kf4 43. Kh3 h5 44. Kh4 Rh2# 0-1

[Event "10e Open de Saint-Chély d'Aubrac"]
[Site "Saint-Chély d'Aubrac"]
[Date "2010.07.12"]
[Round "4.28"]
[White "Kirchhoff, Matthieu"]
[Black "Rateau, Cyprien"]
[Result "1-0"]
[WhiteElo "1581"]
[BlackElo "1360"]
[PlyCount "53"]
[EventDate "2010.??.??"]

1. d4 d5 2. Nf3 Nc6 3. Bf4 Nf6 4. e3 Bf5 5. c3 Ne4 6. Bd3 e6 7. Ne5 Nxe5 8.
Bxe5 f6 9. Bf4 h5 10. h4 Bd6 11. Bxd6 Qxd6 12. Be2 Bg6 13. Nd2 Nxd2 14. Qxd2
O-O-O 15. Bd3 Bf7 16. O-O-O e5 17. Kb1 exd4 18. cxd4 Kb8 19. Rc1 Rc8 20. Rc2 c6
21. Rhc1 Rh6 22. Qa5 Be8 23. Rc3 Qd8 24. Qb4 Rc7 25. Ra3 Qe7 26. Qa5 a6 27. Qb6
1-0

[Event "10e Open de Saint-Chély d'Aubrac"]
[Site "Saint-Chély d'Aubrac"]
[Date "2010.07.12"]
[Round "4.29"]
[White "Faraill, Sebastien"]
[Black "Barnicol, Georges"]
[Result "1-0"]
[WhiteElo "1516"]
[BlackElo "1320"]
[PlyCount "79"]
[EventDate "2010.??.??"]

1. c4 e5 2. g3 Nf6 3. Nc3 Bb4 4. Nd5 Nxd5 5. cxd5 O-O 6. a3 Be7 7. e4 d6 8. Bg2
Nd7 9. Ne2 Nf6 10. Qc2 Bd7 11. O-O Rc8 12. Nc3 a6 13. d3 Bg4 14. h3 Bd7 15. f4
exf4 16. Rxf4 Rb8 17. Qe2 Qc8 18. g4 Re8 19. g5 Nxd5 20. Nxd5 Bxg5 21. Rf3 Bxc1
22. Rxc1 c6 23. Nb6 Qc7 24. Nxd7 Qxd7 25. Rcf1 d5 26. Rxf7 Qc8 27. Qg4 Qxg4 28.
hxg4 Rf8 29. Rxf8+ Rxf8 30. Rxf8+ Kxf8 31. exd5 cxd5 32. Bxd5 b6 33. Kf2 Ke7
34. Ke3 g5 35. Ke4 Kf6 36. Bc6 Ke6 37. d4 Kd6 38. d5 a5 39. Kf5 h6 40. a4 1-0

[Event "10e Open de Saint-Chély d'Aubrac"]
[Site "Saint-Chély d'Aubrac"]
[Date "2010.07.12"]
[Round "4.30"]
[White "Grange, Gary"]
[Black "Muheim, Xavier"]
[Result "0-1"]
[WhiteElo "1190"]
[BlackElo "1470"]
[PlyCount "52"]
[EventDate "2010.??.??"]

1. d4 b6 2. c4 c5 3. Nf3 e6 4. Nc3 Bb7 5. e4 d5 6. Bd3 dxe4 7. Bxe4 Nc6 8. Bf4
Nf6 9. O-O cxd4 10. Bxc6+ Bxc6 11. Nxd4 Bb7 12. f3 Bc5 13. Be5 O-O 14. Qd3 Nd7
15. Rfe1 Nxe5 16. Rxe5 Bxd4+ 17. Kf1 Bxe5 18. Qc2 Bxc3 19. Qxc3 Qc7 20. g3 Rad8
21. c5 Qxc5 22. Rd1 Rxd1+ 23. Qe1 Rxe1+ 24. Kxe1 Qd4 25. h4 Ba6 26. a4 Rd8 0-1

[Event "10e Open de Saint-Chély d'Aubrac"]
[Site "Saint-Chély d'Aubrac"]
[Date "2010.07.12"]
[Round "4.31"]
[White "Bou, Georges"]
[Black "Pierron, Baptiste"]
[Result "1-0"]
[WhiteElo "1473"]
[BlackElo "1400"]
[PlyCount "45"]
[EventDate "2010.??.??"]

1. e4 e5 2. Nf3 Nc6 3. Bc4 Nf6 4. Ng5 d5 5. exd5 Nxd5 6. Qf3 Qxg5 7. Bxd5 Be6
8. Bxe6 fxe6 9. O-O O-O-O 10. c3 Qg6 11. Rd1 Bc5 12. Rf1 Rhf8 13. Qe2 Bd6 14.
b4 Qh6 15. d3 Qh4 16. Nd2 e4 17. g3 exd3 18. Qxe6+ Kb8 19. gxh4 Rf6 20. Qh3 Be5
21. Bb2 Rg6+ 22. Kh1 Rh6 23. Rg1 1-0

[Event "10e Open de Saint-Chély d'Aubrac"]
[Site "Saint-Chély d'Aubrac"]
[Date "2010.07.13"]
[Round "5.1"]
[White "Apicella, Manuel"]
[Black "Riff, Jean-Noel"]
[Result "1-0"]
[WhiteElo "2529"]
[BlackElo "2500"]
[PlyCount "99"]
[EventDate "2010.??.??"]

1. c4 Nf6 2. Nf3 e6 3. g3 a6 4. Bg2 b5 5. b3 Bb7 6. O-O c5 7. Na3 Qb6 8. e3 Be7
9. Qe2 Bc6 10. Bb2 d6 11. Ne1 Bxg2 12. Nxg2 bxc4 13. Nxc4 Qb7 14. Bxf6 gxf6 15.
Qg4 Nd7 16. Qg7 Rf8 17. Qxh7 d5 18. Nb2 f5 19. Qh5 Bf6 20. Rab1 Ne5 21. Qe2 Qb4
22. f4 Nd7 23. Na4 Ke7 24. d3 Rfc8 25. Rfc1 Rab8 26. Ne1 c4 27. d4 Qa5 28. Nf3
cxb3 29. Rxc8 Rxc8 30. axb3 Qb5 31. Qxb5 axb5 32. Nc5 Ra8 33. Nd3 Ra2 34. Rb2
Ra1+ 35. Kg2 Rd1 36. Nb4 Rc1 37. Rc2 Rxc2+ 38. Nxc2 Kd6 39. Nb4 Bd8 40. Ne5
Nxe5 41. fxe5+ Kd7 42. Nd3 f6 43. Kf3 Ke7 44. Kf4 Bc7 45. Nb4 fxe5+ 46. dxe5
Bb6 47. Nc6+ Kd7 48. Nd4 b4 49. h4 Bc5 50. Kg5 1-0

[Event "10e Open de Saint-Chély d'Aubrac"]
[Site "Saint-Chély d'Aubrac"]
[Date "2010.07.13"]
[Round "5.2"]
[White "Sanduleac, Vasile"]
[Black "Massoni, Michael"]
[Result "1-0"]
[WhiteElo "2451"]
[BlackElo "2308"]
[PlyCount "73"]
[EventDate "2010.??.??"]

1. e4 c5 2. Nf3 e6 3. c4 Nc6 4. Nc3 Nf6 5. Be2 d5 6. exd5 exd5 7. d4 Be6 8. Be3
dxc4 9. Qa4 Nd7 10. Rd1 Nb6 11. Qc2 cxd4 12. Nxd4 Nxd4 13. Bxd4 Qg5 14. Bf3 Bc5
15. Bxb7 Bxd4 16. Rxd4 Rd8 17. Rxd8+ Qxd8 18. Bc6+ Ke7 19. O-O Qd3 20. Qc1 Rd8
21. Qg5+ Kf8 22. Bf3 Rd7 23. Qb5 Qf5 24. Qb4+ Kg8 25. Bc6 Rd8 26. Qe7 Qf6 27.
Qxa7 Nd5 28. Bxd5 Bxd5 29. Rd1 Be6 30. Rxd8+ Qxd8 31. Qe3 Qb8 32. Qd2 h6 33. h3
Qb6 34. a3 Qb7 35. Nd1 Qb5 36. Ne3 Qb6 37. a4 1-0

[Event "10e Open de Saint-Chély d'Aubrac"]
[Site "Saint-Chély d'Aubrac"]
[Date "2010.07.13"]
[Round "5.3"]
[White "Mullon, Jean-Baptiste"]
[Black "Degraeve, Jean-Marc"]
[Result "1-0"]
[WhiteElo "2442"]
[BlackElo "2569"]
[PlyCount "81"]
[EventDate "2010.??.??"]

1. e4 Nf6 2. e5 Nd5 3. d4 d6 4. Nf3 dxe5 5. Nxe5 c6 6. Be2 Bf5 7. O-O Nd7 8. c4
N5f6 9. f4 e6 10. g4 Bxb1 11. Rxb1 Nxe5 12. fxe5 Nd7 13. c5 Be7 14. Qb3 b6 15.
Qf3 O-O 16. b4 a5 17. a3 axb4 18. axb4 bxc5 19. bxc5 Ra4 20. Rd1 Qa8 21. Be3 f6
22. Qh3 Re8 23. g5 f5 24. Qf1 Nf8 25. Ra1 Rb8 26. Rxa4 Qxa4 27. Ra1 Qb4 28. Bd3
Bxg5 29. Bxg5 Qxd4+ 30. Kh1 Qd5+ 31. Kg1 Qd4+ 32. Kh1 Rb2 33. Re1 Rf2 34. Qg1
Qb2 35. Be3 Rf3 36. Qg2 Qb4 37. Re2 Qg4 38. Qxg4 fxg4 39. Be4 Rf7 40. Bxc6 Ng6
41. Be8 1-0

[Event "10e Open de Saint-Chély d'Aubrac"]
[Site "Saint-Chély d'Aubrac"]
[Date "2010.07.13"]
[Round "5.4"]
[White "Muheim, Sebastien"]
[Black "Saucey, Michel"]
[Result "*"]
[WhiteElo "2112"]
[BlackElo "2306"]
[PlyCount "66"]
[EventDate "2010.??.??"]

1. d4 d6 2. e4 Nf6 3. f3 e5 4. dxe5 dxe5 5. Qxd8+ Kxd8 6. Bc4 Be6 7. Bxe6 fxe6
8. Be3 Bd6 9. Nd2 Nbd7 10. Ne2 Ke7 11. Nc1 Rhb8 12. Nd3 h6 13. Ke2 a5 14. a4 c6
15. Nc4 Bc7 16. b4 axb4 17. a5 Ne8 18. Rhd1 Bd6 19. f4 exf4 20. Nxf4 Bxf4 21.
Bxf4 Rd8 22. Nd6 Ndf6 23. Nxb7 Rxd1 24. Kxd1 Nxe4 25. Ke2 Nc3+ 26. Kd3 Nd5 27.
Be5 Nec7 28. Nc5 g6 29. g3 Nb5 30. a6 h5 31. h3 Nb6 32. Bf4 Rd8+ 33. Ke2 Nc3+ *

[Event "10e Open de Saint-Chély d'Aubrac"]
[Site "Saint-Chély d'Aubrac"]
[Date "2010.07.13"]
[Round "5.5"]
[White "Richard, Emma"]
[Black "Nass, Emile"]
[Result "1/2-1/2"]
[WhiteElo "2100"]
[BlackElo "2248"]
[PlyCount "34"]
[EventDate "2010.??.??"]

1. e4 e6 2. d4 d5 3. exd5 exd5 4. Nf3 Nf6 5. Bd3 Bd6 6. O-O O-O 7. Bg5 Bg4 8.
Nbd2 Nbd7 9. c3 c6 10. Qc2 Qc7 11. Rfe1 Rae8 12. h3 Bh5 13. a4 Bg6 14. Bxg6
hxg6 15. Nf1 Ne4 16. Bh4 Ndf6 17. N3d2 Qd7 1/2-1/2

[Event "10e Open de Saint-Chély d'Aubrac"]
[Site "Saint-Chély d'Aubrac"]
[Date "2010.07.13"]
[Round "5.6"]
[White "Villegas, Pierre"]
[Black "Geronimi, Pierre-Francois"]
[Result "1-0"]
[WhiteElo "2244"]
[BlackElo "1974"]
[PlyCount "67"]
[EventDate "2010.??.??"]

1. g3 Nf6 2. Bg2 d5 3. d3 g6 4. Bd2 Bg7 5. Qc1 c5 6. Nc3 Nc6 7. Bh6 Bxh6 8.
Qxh6 Be6 9. Nh3 Qb6 10. Qc1 O-O-O 11. Nf4 h5 12. Nxe6 fxe6 13. h3 Rdf8 14. O-O
Nd4 15. a4 a6 16. e3 Nf5 17. Ne2 g5 18. e4 Nh6 19. exd5 exd5 20. c4 Qd6 21.
cxd5 h4 22. b4 b6 23. a5 hxg3 24. fxg3 Nxd5 25. Rxf8+ Rxf8 26. bxc5 bxc5 27.
Qa3 Nb4 28. Rc1 Nxd3 29. Rc3 Nb4 30. Qxb4 Qd1+ 31. Kh2 Kd7 32. Qb7+ Ke8 33.
Bc6+ Kf7 34. Rf3+ 1-0

[Event "10e Open de Saint-Chély d'Aubrac"]
[Site "Saint-Chély d'Aubrac"]
[Date "2010.07.13"]
[Round "5.8"]
[White "Husson, Cybele"]
[Black "Pieri, Pierre-Louis"]
[Result "0-1"]
[WhiteElo "2040"]
[BlackElo "1943"]
[PlyCount "80"]
[EventDate "2010.??.??"]

1. e4 e5 2. Nf3 Nc6 3. d4 exd4 4. Nxd4 Bc5 5. Be3 Qf6 6. c3 Nge7 7. Bc4 Ne5 8.
Be2 Qg6 9. O-O d6 10. Bh5 Qxe4 11. Nb5 Qc6 12. Bxc5 Qxc5 13. a4 O-O 14. b4 Qb6
15. Nd4 a5 16. b5 Nf5 17. Re1 Nxd4 18. cxd4 Nd7 19. Nc3 Nf6 20. Bf3 Be6 21. g4
Rae8 22. g5 Nd7 23. Be4 f5 24. Bc2 g6 25. Re3 Bf7 26. Ne2 c6 27. bxc6 bxc6 28.
Rc3 Qd8 29. h4 Qa8 30. Nf4 Nb6 31. Rb1 Nd5 32. Nxd5 Bxd5 33. Bb3 Re4 34. Bxd5+
cxd5 35. Rc7 Rg4+ 36. Kh2 Rxh4+ 37. Kg3 Rg4+ 38. Kh3 Rf7 39. Qc2 Qa6 40. Rbb7
Qf1+ 0-1

[Event "10e Open de Saint-Chély d'Aubrac"]
[Site "Saint-Chély d'Aubrac"]
[Date "2010.07.13"]
[Round "5.9"]
[White "Moingt, Jean-Claude"]
[Black "Carno, Matthias"]
[Result "1-0"]
[WhiteElo "2290"]
[BlackElo "1925"]
[PlyCount "49"]
[EventDate "2010.??.??"]

1. e4 b6 2. Nf3 Bb7 3. d3 c5 4. g3 Nc6 5. Bg2 e6 6. O-O Nf6 7. Re1 d5 8. Nbd2
Qc7 9. a3 O-O-O 10. Qe2 dxe4 11. dxe4 Be7 12. c3 Ng4 13. e5 h5 14. h3 Nh6 15.
b4 g5 16. Nc4 g4 17. Ng5 gxh3 18. Bxh3 Ng4 19. Nxf7 Rhf8 20. Nfd6+ Bxd6 21.
Nxd6+ Rxd6 22. exd6 Qf7 23. Qxe6+ Qxe6 24. Rxe6 Kd7 25. Re2 1-0

[Event "10e Open de Saint-Chély d'Aubrac"]
[Site "Saint-Chély d'Aubrac"]
[Date "2010.07.13"]
[Round "5.10"]
[White "Duffau, Pascal"]
[Black "Lavanchy, Marc-Henri"]
[Result "1/2-1/2"]
[WhiteElo "2034"]
[BlackElo "1912"]
[PlyCount "110"]
[EventDate "2010.??.??"]

1. Nf3 Nf6 2. c4 c5 3. d4 cxd4 4. Nxd4 Nc6 5. Nc3 g6 6. e4 Bg7 7. Be3 O-O 8.
Be2 d6 9. O-O Bd7 10. Kh1 Nxd4 11. Bxd4 Bc6 12. Qd3 a5 13. Rad1 Nd7 14. Bxg7
Kxg7 15. f4 Nc5 16. Qd4+ f6 17. e5 fxe5 18. fxe5 Rxf1+ 19. Rxf1 Ne6 20. Qf2 Qg8
21. exd6 Rf8 22. Qg3 Rxf1+ 23. Bxf1 Qf7 24. Kg1 exd6 25. Qxd6 Qf6 26. Ne2 Kf7
27. b3 Qb2 28. Nf4 Nxf4 29. Qxf4+ Ke6 30. Qf2 Qxf2+ 31. Kxf2 Ke5 32. Ke3 Be4
33. a3 Bc2 34. b4 b6 35. g3 axb4 36. axb4 Be4 37. Bd3 Bc6 38. Bc2 Be8 39. h4
Bf7 40. c5 bxc5 41. bxc5 h6 42. Be4 g5 43. hxg5 hxg5 44. Bb7 Be6 45. Kd3 Kf5
46. Kd4 Kg4 47. Ke5 Bd7 48. Kd6 Bb5 49. Bc6 Ba6 50. Kc7 Bd3 51. Kb7 Kxg3 52.
Bd5 Bf5 53. c6 Kf4 54. c7 g4 55. Kc6 Ke5 1/2-1/2

[Event "10e Open de Saint-Chély d'Aubrac"]
[Site "Saint-Chély d'Aubrac"]
[Date "2010.07.13"]
[Round "5.11"]
[White "Batteux, Mickael"]
[Black "Huin, Eric"]
[Result "1-0"]
[WhiteElo "2003"]
[BlackElo "1887"]
[PlyCount "81"]
[EventDate "2010.??.??"]

1. d4 Nf6 2. Nf3 d6 3. Nc3 g6 4. e4 Bg7 5. Be3 O-O 6. Qd2 c6 7. Bh6 Qa5 8. Bxg7
Kxg7 9. Bd3 Nbd7 10. O-O e5 11. a3 exd4 12. Nxd4 Ne5 13. b4 Qc7 14. Be2 Qe7 15.
Rad1 Rd8 16. Qg5 h6 17. Qg3 d5 18. exd5 Nxd5 19. Nxd5 cxd5 20. Rfe1 Qg5 21.
Qxg5 hxg5 22. Bb5 Kf6 23. Re3 a6 24. Bf1 Nc6 25. Rf3+ Kg7 26. Nxc6 bxc6 27. Rc3
Bd7 28. Rc5 f5 29. h3 Kf6 30. c4 dxc4 31. Bxc4 Be8 32. Rxd8 Rxd8 33. Bxa6 Rd1+
34. Kh2 Ra1 35. Bb7 Rxa3 36. Bxc6 Bf7 37. b5 Ra5 38. Rc2 Ke5 39. Rb2 Kd6 40. b6
Kxc6 41. b7 1-0

[Event "10e Open de Saint-Chély d'Aubrac"]
[Site "Saint-Chély d'Aubrac"]
[Date "2010.07.13"]
[Round "5.12"]
[White "Viennot, Dylan"]
[Black "Messinger, Karl"]
[Result "1/2-1/2"]
[WhiteElo "1969"]
[BlackElo "1870"]
[PlyCount "34"]
[EventDate "2010.??.??"]

1. e4 e5 2. Nf3 Nc6 3. Bb5 a6 4. Bxc6 dxc6 5. O-O Bg4 6. h3 h5 7. c3 Qd3 8.
hxg4 hxg4 9. Nxe5 Bd6 10. Nxd3 Bh2+ 11. Kh1 Bg3+ 12. Kg1 Bh2+ 13. Kh1 Bf4+ 14.
Kg1 Bh2+ 15. Kh1 Be5+ 16. Kg1 Bh2+ 17. Kh1 Bd6+ 1/2-1/2

[Event "10e Open de Saint-Chély d'Aubrac"]
[Site "Saint-Chély d'Aubrac"]
[Date "2010.07.13"]
[Round "5.13"]
[White "Bigonnet, Jean-Michel"]
[Black "Saucey, Capucine"]
[Result "1-0"]
[WhiteElo "1925"]
[BlackElo "1828"]
[PlyCount "41"]
[EventDate "2010.??.??"]

1. d4 d5 2. Nc3 Nf6 3. Bg5 e6 4. e4 Be7 5. Bxf6 Bxf6 6. Nf3 b6 7. Bd3 O-O 8. e5
Be7 9. h4 Ba6 10. Ng5 h6 11. Bxa6 Nxa6 12. Qd3 Bxg5 13. Qxa6 Bxh4 14. g3 Be7
15. O-O-O c5 16. Qe2 cxd4 17. Rxd4 Bc5 18. Rg4 Kh7 19. Qd3+ g6 20. Rgh4 Rh8 21.
Rxh6+ 1-0

[Event "10e Open de Saint-Chély d'Aubrac"]
[Site "Saint-Chély d'Aubrac"]
[Date "2010.07.13"]
[Round "5.14"]
[White "Van Hoolandt, Patrick"]
[Black "Balducchi, Francois"]
[Result "1-0"]
[WhiteElo "2171"]
[BlackElo "1721"]
[PlyCount "55"]
[EventDate "2010.??.??"]

1. d4 d5 2. c4 e5 3. dxe5 d4 4. a3 Nc6 5. Nf3 Bg4 6. Nbd2 Qd7 7. b4 O-O-O 8. b5
Nce7 9. Bb2 Bxf3 10. Nxf3 c5 11. g3 f6 12. Qd3 Ng6 13. h4 Kb8 14. exf6 Nxf6 15.
h5 Ne7 16. Ne5 Qe6 17. f4 Re8 18. Bg2 Nf5 19. Bh3 g6 20. O-O-O Nxh5 21. Bxf5
Nxf4 22. Bxe6 Nxd3+ 23. exd3 Rxe6 24. Rde1 Kc7 25. Nf7 Rxe1+ 26. Rxe1 Rg8 27.
Kd1 Rg7 28. Ng5 1-0

[Event "10e Open de Saint-Chély d'Aubrac"]
[Site "Saint-Chély d'Aubrac"]
[Date "2010.07.13"]
[Round "5.15"]
[White "Hug, Timothee"]
[Black "Lagunes, Jean-Renaud"]
[Result "0-1"]
[WhiteElo "1691"]
[BlackElo "2074"]
[PlyCount "84"]
[EventDate "2010.??.??"]

1. e4 d6 2. d4 Nf6 3. Nc3 g6 4. f4 Bg7 5. Be2 c5 6. Be3 cxd4 7. Bxd4 Nc6 8. Be3
O-O 9. Bf3 Qa5 10. Qd2 Be6 11. Nge2 Rac8 12. a3 Rfd8 13. O-O Ng4 14. Bxg4 Bxg4
15. Nd4 Nxd4 16. Bxd4 Rc4 17. Bxg7 Kxg7 18. Qf2 Bd7 19. f5 Qc5 20. Qxc5 Rxc5
21. g4 Bc6 22. Rf2 Rc8 23. h4 h6 24. fxg6 Kxg6 25. Raf1 f6 26. Kh2 b5 27. Kg3
a5 28. Rf5 Rc4 29. Nd5 Bxd5 30. Rxd5 Rxe4 31. c3 Rcc4 32. h5+ Kf7 33. Rxb5
Rxg4+ 34. Kh3 a4 35. Rff5 e5 36. Rb4 Ke6 37. Rxc4 Rxc4 38. Rf3 e4 39. Rg3 Rc5
40. Kh4 Rg5 41. Re3 Ke5 42. Re2 f5 0-1

[Event "10e Open de Saint-Chély d'Aubrac"]
[Site "Saint-Chély d'Aubrac"]
[Date "2010.07.13"]
[Round "5.18"]
[White "Joyeux, Gerard"]
[Black "Griggio, Jean-Paul"]
[Result "0-1"]
[WhiteElo "1657"]
[BlackElo "1788"]
[PlyCount "70"]
[EventDate "2010.??.??"]

1. d4 c5 2. Nf3 e6 3. e3 d5 4. Bb5+ Bd7 5. Be2 Nc6 6. dxc5 Bxc5 7. b3 Be7 8.
Bb2 Bf6 9. Bxf6 Qxf6 10. Na3 Qc3+ 11. Nd2 a6 12. O-O Nf6 13. Bf3 b5 14. Rc1 Qb2
15. Nab1 Qxa2 16. e4 O-O 17. exd5 exd5 18. Nc3 Qb2 19. Nxd5 Nxd5 20. Bxd5 Rad8
21. Qh5 Ne7 22. Be4 Bf5 23. Bxf5 Nxf5 24. Nf3 Nd4 25. Nxd4 Qxd4 26. h3 Qc3 27.
Rfd1 g6 28. Qg4 h5 29. Qe4 Rxd1+ 30. Rxd1 Rc8 31. Rd3 Qxc2 32. Rd8+ Kh7 33. Qe8
Qc1+ 34. Kh2 Qc7+ 35. g3 Rxd8 0-1

[Event "10e Open de Saint-Chély d'Aubrac"]
[Site "Saint-Chély d'Aubrac"]
[Date "2010.07.13"]
[Round "5.19"]
[White "Herrero, Alain"]
[Black "Manser, Lucas"]
[Result "1/2-1/2"]
[WhiteElo "1762"]
[BlackElo "1642"]
[PlyCount "38"]
[EventDate "2010.??.??"]

1. d4 Nf6 2. c4 e5 3. dxe5 Ng4 4. Nf3 Nc6 5. Nc3 Ngxe5 6. Nxe5 Nxe5 7. e4 Bc5
8. Be2 O-O 9. a3 a6 10. O-O d6 11. Kh1 Re8 12. f4 Nc6 13. Bf3 Bd7 14. Re1 Rb8
15. Be3 Bxe3 16. Rxe3 b5 17. cxb5 axb5 18. b4 Na7 19. Rd3 Nc8 1/2-1/2

[Event "10e Open de Saint-Chély d'Aubrac"]
[Site "Saint-Chély d'Aubrac"]
[Date "2010.07.13"]
[Round "5.20"]
[White "Devoille, Hugo"]
[Black "Grange, Emmanuel"]
[Result "1-0"]
[WhiteElo "1746"]
[BlackElo "1460"]
[PlyCount "81"]
[EventDate "2010.??.??"]

1. e4 e6 2. d4 d5 3. Nd2 dxe4 4. Nxe4 Nd7 5. Bd3 Ngf6 6. Qe2 b6 7. Nf3 Bb7 8.
O-O Nxe4 9. Bxe4 Bxe4 10. Qxe4 Nf6 11. Qc6+ Nd7 12. Re1 Be7 13. Ne5 Rc8 14. Bf4
Bd6 15. d5 Bxe5 16. dxe6 fxe6 17. Qxe6+ Qe7 18. Qxe7+ Kxe7 19. Bxe5 Nxe5 20.
Rxe5+ Kf7 21. Rd1 Rcd8 22. Red5 Rxd5 23. Rxd5 Ke6 24. Rd3 Rf8 25. Re3+ Kd6 26.
Ra3 a5 27. Rh3 h6 28. Rg3 g5 29. Rh3 Rf6 30. Kf1 Kd5 31. Ke2 c6 32. Rd3+ Kc5
33. Rf3 Re6+ 34. Re3 Rd6 35. Rc3+ Kb4 36. a3+ Ka4 37. g3 c5 38. Rd3 Rxd3 39.
Kxd3 b5 40. f4 c4+ 41. Kc3 1-0

[Event "10e Open de Saint-Chély d'Aubrac"]
[Site "Saint-Chély d'Aubrac"]
[Date "2010.07.13"]
[Round "5.21"]
[White "Grange, Laurent"]
[Black "Tassetti, Florent"]
[Result "0-1"]
[WhiteElo "1513"]
[BlackElo "1676"]
[PlyCount "40"]
[EventDate "2010.??.??"]

1. e4 e5 2. Nf3 Nc6 3. Bb5 a6 4. Bxc6 dxc6 5. O-O f6 6. d4 exd4 7. Qxd4 Bg4 8.
Qxd8+ Rxd8 9. Nbd2 Bd6 10. Ne1 Be2 11. Nd3 Bxf1 12. Kxf1 Ne7 13. Nf3 Ng6 14.
Be3 Ne5 15. Nd4 Nxd3 16. cxd3 Kf7 17. Rc1 Be5 18. Rc4 Bxd4 19. Rxd4 Rxd4 20.
Bxd4 Rd8 0-1

[Event "10e Open de Saint-Chély d'Aubrac"]
[Site "Saint-Chély d'Aubrac"]
[Date "2010.07.13"]
[Round "5.22"]
[White "Neff, Thomas"]
[Black "Guerry, Emilien"]
[Result "0-1"]
[WhiteElo "1660"]
[BlackElo "1650"]
[PlyCount "66"]
[EventDate "2010.??.??"]

1. e4 c5 2. Nf3 e6 3. d4 cxd4 4. Nxd4 Nc6 5. Nb5 d6 6. c4 a6 7. N5c3 Nf6 8. Bf4
Qc7 9. Be2 Be7 10. O-O O-O 11. Qd3 e5 12. Bg5 Nd4 13. Nd2 Be6 14. b3 h6 15. Bh4
b5 16. Bxf6 Bxf6 17. Nd5 Qd8 18. Nf3 bxc4 19. bxc4 Nxe2+ 20. Qxe2 Bg4 21. h3
Bh5 22. Qd3 Be7 23. Rfd1 Bg5 24. g4 Bg6 25. Nxg5 Qxg5 26. f3 f5 27. Ne3 fxe4
28. fxe4 Rf3 29. Qd5+ Kh7 30. Nf5 Bxf5 31. exf5 Qe3+ 32. Kh2 Qf2+ 33. Kh1 Rxh3#
0-1

[Event "10e Open de Saint-Chély d'Aubrac"]
[Site "Saint-Chély d'Aubrac"]
[Date "2010.07.13"]
[Round "5.23"]
[White "Ferrer, Lauriane"]
[Black "Faraill, Sebastien"]
[Result "1-0"]
[WhiteElo "1650"]
[BlackElo "1516"]
[PlyCount "63"]
[EventDate "2010.??.??"]

1. e4 d5 2. exd5 Nf6 3. c4 c6 4. dxc6 Nxc6 5. Nf3 Bg4 6. Be2 e5 7. d3 Bc5 8.
Nc3 O-O 9. O-O h6 10. Be3 Bxe3 11. fxe3 Qb6 12. Qd2 Rad8 13. Ne1 Be6 14. b3 e4
15. d4 Rxd4 16. exd4 Nxd4 17. Kh1 Rd8 18. Qe3 Bg4 19. Bxg4 Nxg4 20. Qf4 f5 21.
h3 g5 22. Qg3 Nf6 23. Rd1 f4 24. Qf2 e3 25. Qb2 Nh5 26. Kh2 Ng3 27. Rg1 Qd6 28.
Nc2 Nge2 29. Nxe2 f3+ 30. Ng3 f2 31. Rxd4 fxg1=Q+ 32. Kxg1 1-0

[Event "10e Open de Saint-Chély d'Aubrac"]
[Site "Saint-Chély d'Aubrac"]
[Date "2010.07.13"]
[Round "5.24"]
[White "Colombo, Maceo"]
[Black "Kirchhoff, Matthieu"]
[Result "0-1"]
[WhiteElo "1199"]
[BlackElo "1581"]
[PlyCount "92"]
[EventDate "2010.??.??"]

1. e4 c5 2. Nf3 Nc6 3. Bc4 e6 4. d3 Nf6 5. Bg5 Be7 6. Nc3 h6 7. Bh4 O-O 8. O-O
d6 9. d4 cxd4 10. Nxd4 e5 11. Nf5 Bxf5 12. exf5 Nd4 13. Bd3 Rc8 14. Ne4 Nxe4
15. Bxe7 Qxe7 16. Bxe4 Qd7 17. Qg4 Nxc2 18. Qg3 d5 19. Bxc2 Rxc2 20. Qxe5 Re8
21. Qd4 Qxf5 22. b3 b6 23. Qa4 Ree2 24. Qd4 Qe4 25. Qxe4 dxe4 26. h3 Rxa2 27.
Rxa2 Rxa2 28. Re1 Rb2 29. Rxe4 Rxb3 30. Re8+ Kh7 31. Re7 a5 32. Rxf7 a4 33. Ra7
a3 34. f4 Kg6 35. Kh2 b5 36. h4 b4 37. g3 Rb2+ 38. Kh3 a2 39. g4 b3 40. f5+ Kf6
41. Kg3 Rb1 42. Kf4 a1=Q 43. Rxa1 Rxa1 44. g5+ hxg5+ 45. hxg5+ Kf7 46. Ke5 Rg1
0-1

[Event "10e Open de Saint-Chély d'Aubrac"]
[Site "Saint-Chély d'Aubrac"]
[Date "2010.07.13"]
[Round "5.25"]
[White "Muheim, Xavier"]
[Black "Grange, Romain"]
[Result "0-1"]
[WhiteElo "1470"]
[BlackElo "1690"]
[PlyCount "54"]
[EventDate "2010.??.??"]

1. e4 Nf6 2. Bd3 e5 3. c4 Nc6 4. Nc3 Bc5 5. Nf3 d6 6. b3 Bg4 7. Nd5 Nxd5 8.
exd5 Nd4 9. Bb2 Bxf3 10. gxf3 Qh4 11. Bxd4 Bxd4 12. O-O Bxa1 13. Qxa1 Qf4 14.
Qd1 h5 15. Be4 h4 16. d4 h3 17. Kh1 exd4 18. Qxd4 Qe5 19. Qd1 Rh4 20. Re1 O-O-O
21. Qc2 Qf4 22. Rg1 g6 23. Qd3 f5 24. Re1 fxe4 25. Rxe4 Qc1+ 26. Re1 Qxe1+ 27.
Qf1 Qxf1# 0-1

[Event "10e Open de Saint-Chély d'Aubrac"]
[Site "Saint-Chély d'Aubrac"]
[Date "2010.07.13"]
[Round "5.26"]
[White "Degraeve, Remy"]
[Black "Moulie, Patrick"]
[Result "0-1"]
[WhiteElo "1320"]
[BlackElo "1639"]
[PlyCount "48"]
[EventDate "2010.??.??"]

1. e4 e6 2. d4 a6 3. Nf3 c5 4. c3 d5 5. e5 Nc6 6. Bd3 Qb6 7. dxc5 Bxc5 8. b4
Bxf2+ 9. Kf1 Be3 10. Bxe3 Qxe3 11. Qc2 Nxe5 12. Nxe5 Qxe5 13. Bxh7 Nf6 14. Qa4+
Bd7 15. Qc2 Nxh7 16. Nd2 Nf6 17. Nf3 Qe3 18. Re1 Qb6 19. Qd2 Bb5+ 20. Re2 Ne4
21. Qd1 Ng3+ 22. Ke1 Nxe2 23. Rf1 Nxc3 24. Qa1 Qe3# 0-1

[Event "10e Open de Saint-Chély d'Aubrac"]
[Site "Saint-Chély d'Aubrac"]
[Date "2010.07.13"]
[Round "5.27"]
[White "Levy, Nicolas"]
[Black "Bou, Georges"]
[Result "1/2-1/2"]
[WhiteElo "1610"]
[BlackElo "1473"]
[PlyCount "45"]
[EventDate "2010.??.??"]

1. e4 e6 2. d4 d5 3. Nc3 Bb4 4. Bd2 dxe4 5. Nxe4 Bxd2+ 6. Qxd2 Nf6 7. Bd3 Nbd7
8. O-O-O Qe7 9. f4 O-O 10. Nf3 b6 11. h4 Bb7 12. Nxf6+ Nxf6 13. Rdg1 Ng4 14.
Ne5 h5 15. Nxg4 hxg4 16. h5 f5 17. h6 g6 18. Qe3 Kh7 19. Bc4 Be4 20. d5 e5 21.
fxe5 Qxe5 22. Re1 Rad8 23. Rhg1 1/2-1/2